00459 2200193 4500001002100000005001500021035002000036007000300056008004100059082001000100084001600110100002700126245001900153250001200172260003400184300002300218990001200241990001200253INLIS00000000000112120250226012616 a0010-0225000043ta250226 0  a398.2 a398.2 IKR s0 aIkranegara, Yudhistira1 aSi Pahit Lidah aPertama aSurabaya :bSerba Jaya,c2021 a32 :b21cm ;c21cm aU212001 aU212002